书目信息 |
| 题名: |
物理发现的艺术
|
|
| 作者: | 陈为友 , 张宪魁 , 程九标 编著 | |
| 分册: | ||
| 出版信息: | 青岛 中国海洋大学出版社 2003 |
|
| 页数: | 501页 | |
| 开本: | 20cm | |
| 丛书名: | ||
| 单 册: | ||
| 中图分类: | O4-3 | |
| 科图分类: | ||
| 主题词: | 物理学 | |
| 电子资源: | ||
| ISBN: | 7-81067-372-6 | |
| 000 | 00751nam0 2200217 450 | |
| 001 | 0735592734 | |
| 005 | 20070906095312.73 | |
| 010 | @a7-81067-372-6@d¥23.50 | |
| 100 | @a20070906d km y0chiy0120 ea | |
| 101 | 0 | @achi |
| 200 | 1 | @a物理发现的艺术@Awu li fa xian de yi shu@e物理探索中的机智运筹@f程九标,张宪魁,陈为友编著@Fcheng jiu biao,zhang xian kui,chen wei you bian zhu |
| 210 | @a青岛@c中国海洋大学出版社@d2003 | |
| 215 | @a501页@d20cm | |
| 517 | 1 | @a物理探索中的机智运筹@Awu li tan suo zhong de ji zhi yun chou |
| 606 | 0 | @a物理学 |
| 690 | @aO4-3@v3 | |
| 701 | 0 | @a陈为友@Achen wei you@4编著 |
| 701 | 0 | @a张宪魁@Azhang xian kui@4编著 |
| 701 | 0 | @a程九标@Acheng jiu biao@4编著 |
| 801 | 0 | @aCN@bPFT@c20070906 |
| 905 | @a213230@dO4-3@eP37@f1 | |
| 物理发现的艺术:物理探索中的机智运筹/程九标,张宪魁,陈为友编著.-青岛:中国海洋大学出版社,2003 |
| 501页;20cm |
| ISBN 7-81067-372-6:¥23.50 |
| ● |
| 相关链接 |
|
|
|
|
正题名:物理发现的艺术
索取号:O4-3/P37
 
预约/预借
| 序号 | 登录号 | 条形码 | 馆藏地/架位号 | 状态 | 备注 |
| 1 | 7201513 | 272015133 | 密集书库-物理学院/ [索取号:O4-3/P37] | 在馆 |